000 00777nam a2200229 a 4500
005 19891103115845.5
008 880317s1988 ii b 001 0 eng
010 _aENG-92303
020 _c105.00
035 _aEN-75836
037 _bDBAD / PUB
040 _adpl
_bEnglish
082 _a211.4
100 _aNayak, Narendra
245 _aBattle against supernatural /
_cby Narendra Nayak
260 _aTamil Nadu
_bB. Premanand
_c2007
300 _ax, 288p.
_c20cm (pbk)
490 _aSkeptic club book no. 25
650 _aRationalism.
942 _2ddc
_cEN
_mNAY
_h211.4
999 _c20378
_d20378